[Event "Titled Tuesday intern op 16th Apr Late"]
[Site "Chess.com INT"]
[Date "2024.04.16"]
[Round "7"]
[White "Chen, Max"]
[Black "Chassard, Cedric"]
[Result "0-1"]
[WhiteElo "2176"]
[BlackElo "2254"]
[PlyCount "112"]
[EventDate "2024.04.16"]
[EventType "swiss (blitz)"]
[EventRounds "11"]
[EventCountry "USA"]
[SourceTitle "CB17_2024"]
[SourceDate "2024.04.24"]
[SourceVersion "1"]
[SourceVersionDate "2024.04.24"]
[SourceQuality "1"]

1. e4 e5 2. Nf3 Nf6 3. d4 Nxe4 4. Bd3 d5 5. Nxe5 Bd6 6. Qf3 0-0 7. 0-0 Nd7 8. Bxe4 dxe4 9. Qxe4 Nxe5 10. dxe5 Re8 11. f4 Bc5+ 12. Kh1 g6 13. Nc3 Bf5 14. Qe2 Bd4 15. Rd1 c5 16. Nb5 Qh4 17. Be3 Bg4 18. Qe1 Qh5 19. Rxd4 cxd4 20. Bxd4 Rad8 21. Qf2 a6 22. Nd6 Re6 23. Nxb7 Rc8 24. Nc5 Rec6 25. c3 Bf5 26. Nb7 Be4 27. Nd6 Rxd6 28. exd6 Re8 29. Be5 Qf5 30. Qd2 f6 31. Bd4 Rd8 32. Be3 Qg4 33. Rg1 Qe6 34. Bc5 Qxa2 35. Qd4 Qe6 36. Qe3 Rxd6 37. Re1 Rd5 38. Qxe4 Qxe4 39. Rxe4 Rxc5 40. Re6 Rb5 41. b4 a5 42. Re4 f5 43. Rd4 axb4 44. cxb4 Rb8 45. Kg1 Rc8 46. Kf2 Rc2+ 47. Kf3 Rb2 48. Rc4 Rb3+ 49. Kf2 Kg7 50. Rc7+ Kh6 51. Rb7 Rb2+ 52. Kg3 Rb3+ 53. Kh4 Rb2 54. Kh3 Rb3+ 55. g3 Rb2 56. Kh4 Rxh2# 0-1

[Event "Titled Tuesday intern op 16th Apr Late"]
[Site "Chess.com INT"]
[Date "2024.04.16"]
[Round "9"]
[White "Chen, Max"]
[Black "Melillo, Lucius"]
[Result "0-1"]
[WhiteElo "2176"]
[BlackElo "2274"]
[PlyCount "106"]
[EventDate "2024.04.16"]
[EventType "swiss (blitz)"]
[EventRounds "11"]
[EventCountry "USA"]
[SourceTitle "CB17_2024"]
[SourceDate "2024.04.24"]
[SourceVersion "1"]
[SourceVersionDate "2024.04.24"]
[SourceQuality "1"]

1. e4 Nf6 2. e5 Nd5 3. Nc3 e6 4. Nxd5 exd5 5. Nf3 d6 6. d4 Nc6 7. Bb5 Bg4 8. h3 Bxf3 9. Qxf3 dxe5 10. dxe5 Bc5 11. 0-0 0-0 12. Qg3 Re8 13. Bh6 Bf8 14. Rfe1 Re6 15. Bf4 a6 16. Bd3 Nb4 17. Bf5 Re8 18. c3 Nc6 19. Rad1 g6 20. Be4 Ne7 21. Bg5 c6 22. Bf6 Bg7 23. Qg5 Qd7 24. Bf3 h6 25. Qh4 Bxf6 26. Qxf6 Qe6 27. Qf4 Kg7 28. Bg4 Nf5 29. Bxf5 Qxf5 30. Qxf5 gxf5 31. f4 Re6 32. Re3 Rae8 33. Kf2 f6 34. Rg3+ Kf7 35. exf6 Re2+ 36. Kg1 Rxb2 37. c4 Rd8 38. a4 Kxf6 39. cxd5 Rxd5 40. Rxd5 cxd5 41. Rd3 Rb4 42. Rxd5 Rxa4 43. Rd6+ Ke7 44. Rxh6 Rb4 45. Rh5 Kf6 46. Rh6+ Kg7 47. Rd6 a5 48. Rd5 b5 49. Rxf5 a4 50. Rc5 a3 51. Rc7+ Kf6 52. g4 a2 53. Rc6+ Ke7 0-1

[Event "Titled Tuesday intern op 08th Aug Late"]
[Site "Chess.com INT"]
[Date "2023.08.08"]
[Round "7"]
[White "Vovk, Orest"]
[Black "Chen, Max"]
[Result "1-0"]
[WhiteElo "2315"]
[BlackElo "2176"]
[PlyCount "51"]
[EventDate "2023.08.08"]
[EventType "swiss (blitz)"]
[EventRounds "11"]
[EventCountry "USA"]
[SourceTitle "EXT 2024"]
[Source "ChessBase"]
[SourceDate "2023.10.10"]
[SourceVersion "1"]
[SourceVersionDate "2023.10.10"]
[SourceQuality "1"]

1. g4 d5 2. Bg2 Bxg4 3. c4 c6 4. Qb3 Qd7 5. cxd5 cxd5 6. Bxd5 Be6 7. Bxe6 fxe6 8. Nf3 Nc6 9. Nc3 Nf6 10. d3 0-0-0 11. Be3 Kb8 12. Bf4+ Ka8 13. Ne5 Nxe5 14. Bxe5 Nd5 15. Nb5 Rc8 16. e4 Nb6 17. Ke2 Rg8 18. Rhc1 a6 19. a4 g6 20. a5 Rxc1 21. Rxc1 Nc8 22. Rxc8+ Qxc8 23. Nc7+ Kb8 24. Qb6 Bg7 25. Nb5+ Bxe5 26. Qa7# 1-0

[Event "Titled Tuesday intern op 11th Jul Early"]
[Site "Chess.com INT"]
[Date "2023.07.11"]
[Round "8"]
[White "Chen, Max"]
[Black "Djokic, Mihailo"]
[Result "1-0"]
[WhiteElo "2076"]
[BlackElo "2146"]
[PlyCount "75"]
[EventDate "2023.07.11"]
[EventType "swiss (blitz)"]
[EventRounds "11"]
[EventCountry "USA"]
[SourceTitle "EXT 2024"]
[Source "ChessBase"]
[SourceDate "2023.10.10"]
[SourceVersion "1"]
[SourceVersionDate "2023.10.10"]
[SourceQuality "1"]

1. e4 c5 2. Nf3 d6 3. c3 Nf6 4. Be2 Nc6 5. d4 cxd4 6. cxd4 d5 7. e5 Ne4 8. 0-0 e6 9. Nc3 Nxc3 10. bxc3 Be7 11. g3 Bd7 12. h4 Rc8 13. Bd2 Na5 14. Bd3 Nc4 15. Bf4 Qa5 16. Qb3 b6 17. h5 Ba4 18. Qb1 Qxc3 19. Rc1 Qa5 20. Bxh7 Kd7 21. h6 g6 22. Bxg6 fxg6 23. Qxg6 Rcg8 24. Qf7 Rf8 25. Qh5 Rf5 26. Qg6 Rxf4 27. gxf4 Kd8 28. Qxe6 Bd7 29. Qf7 Rxh6 30. f5 Qa3 31. Kg2 Qb2 32. Qg8+ Kc7 33. f6 Bc5 34. dxc5 Ne3+ 35. Kg1 b5 36. c6 Bf5 37. Qg7+ Kc8 38. Qxh6 1-0

[Event "Titled Tuesday intern op 11th Jul Early"]
[Site "Chess.com INT"]
[Date "2023.07.11"]
[Round "7"]
[White "Chen, Max"]
[Black "Sarkar, Justin"]
[Result "1-0"]
[WhiteElo "2076"]
[BlackElo "2307"]
[PlyCount "47"]
[EventDate "2023.07.11"]
[EventType "swiss (blitz)"]
[EventRounds "11"]
[EventCountry "USA"]
[SourceTitle "EXT 2024"]
[Source "ChessBase"]
[SourceDate "2023.10.10"]
[SourceVersion "1"]
[SourceVersionDate "2023.10.10"]
[SourceQuality "1"]

1. e4 e5 2. Nf3 Nc6 3. Bc4 Nf6 4. d3 Bc5 5. 0-0 0-0 6. Nbd2 a6 7. c3 d6 8. Bb3 Ba7 9. h3 h6 10. Re1 Re8 11. Nf1 Be6 12. Ng3 Qd7 13. Be3 Bxe3 14. fxe3 d5 15. exd5 Nxd5 16. d4 Nb6 17. Bc2 Rad8 18. Nh4 Nc4 19. b3 Na3 20. Bd3 exd4 21. cxd4 Nxd4 22. Qh5 Ndb5 23. Rad1 Qe7 24. Nf3 1-0

[Event "Titled Tuesday intern op 11th Jul Late"]
[Site "Chess.com INT"]
[Date "2023.07.11"]
[Round "4"]
[White "Chen, Max"]
[Black "Villuendas Valero, Adrian"]
[Result "1-0"]
[WhiteElo "2076"]
[BlackElo "2273"]
[PlyCount "73"]
[EventDate "2023.07.11"]
[EventType "swiss (blitz)"]
[EventRounds "11"]
[EventCountry "USA"]
[SourceTitle "EXT 2024"]
[Source "ChessBase"]
[SourceDate "2023.10.10"]
[SourceVersion "1"]
[SourceVersionDate "2023.10.10"]
[SourceQuality "1"]

1. e4 c6 2. c4 d5 3. cxd5 cxd5 4. exd5 Nf6 5. Qa4+ Bd7 6. Qb3 Qc7 7. Nc3 e6 8. dxe6 Bxe6 9. Bb5+ Nc6 10. Qa4 Bc5 11. d4 Bb6 12. Bg5 0-0 13. Bxf6 gxf6 14. Nf3 Qf4 15. 0-0 Nxd4 16. Nxd4 Qxd4 17. Rad1 Qxa4 18. Nxa4 Bxa2 19. Nxb6 axb6 20. Rd6 Ra5 21. Rxb6 Rxb5 22. Rxb5 Bc4 23. Rxb7 Bxf1 24. Kxf1 Rc8 25. Re7 Rc1+ 26. Re1 Rc2 27. Rb1 Rc5 28. b4 Rb5 29. Ke2 Kf8 30. f4 Ke7 31. Kd3 Kd6 32. Kc4 Kc6 33. Ra1 Rh5 34. h3 Rf5 35. g3 Rh5 36. h4 f5 37. Ra6+ 1-0

[Event "Titled Tuesday intern op 11th Jul Late"]
[Site "Chess.com INT"]
[Date "2023.07.11"]
[Round "8"]
[White "Durarbayli, Vasif"]
[Black "Chen, Max"]
[Result "1-0"]
[WhiteElo "2631"]
[BlackElo "2076"]
[PlyCount "59"]
[EventDate "2023.07.11"]
[EventType "swiss (blitz)"]
[EventRounds "11"]
[EventCountry "USA"]
[SourceTitle "EXT 2024"]
[Source "ChessBase"]
[SourceDate "2023.10.10"]
[SourceVersion "1"]
[SourceVersionDate "2023.10.10"]
[SourceQuality "1"]

1. e4 c6 2. d4 d5 3. exd5 cxd5 4. c4 Nf6 5. Nc3 g6 6. Qb3 Bg7 7. cxd5 0-0 8. Be2 Nbd7 9. Nh3 Nb6 10. Nf4 Bf5 11. 0-0 Rc8 12. a4 a5 13. Re1 Qd6 14. h3 Qb4 15. Qa2 Rfd8 16. Bd2 Qxd4 17. Rad1 Bc2 18. Be3 Qb4 19. Rd4 Qd6 20. Rd2 Rxc3 21. bxc3 Bxa4 22. Bxb6 Qxb6 23. Qxa4 e5 24. dxe6 Rxd2 25. exf7+ Kxf7 26. Bc4+ Kf8 27. Ne6+ Kg8 28. Ng5+ Kf8 29. Qe8+ Nxe8 30. Nxh7# 1-0

[Event "CAN-ch"]
[Site "Toronto"]
[Date "2023.04.10"]
[Round "7"]
[White "Chen, Max"]
[Black "Han, Johnathan"]
[Result "1-0"]
[WhiteElo "2118"]
[BlackElo "2184"]
[PlyCount "59"]
[EventDate "2023.04.06"]
[EventType "swiss"]
[EventRounds "9"]
[EventCountry "CAN"]
[SourceTitle "CBM 213 Extra"]
[Source "ChessBase"]
[SourceDate "2023.05.31"]
[SourceVersion "1"]
[SourceVersionDate "2023.05.31"]
[SourceQuality "1"]

1. b3 Nf6 2. Bb2 g6 3. Bxf6 exf6 4. d4 d5 5. g3 Bg7 6. Bg2 0-0 7. e3 Re8 8. Ne2 c6 9. 0-0 h5 10. c4 dxc4 11. bxc4 f5 12. Nbc3 Nd7 13. Rb1 Nf6 14. d5 cxd5 15. cxd5 a6 16. Qb3 Nd7 17. d6 Bf8 18. Rfd1 Rb8 19. Rbc1 Qf6 20. Nd5 Qe5 21. Nef4 Qg7 22. Nc7 Re5 23. Nd3 Ra5 24. Ne8 Qh8 25. Bd5 Rb5 26. Bxf7+ Kh7 27. Qe6 Ne5 28. Rxc8 Rxc8 29. Nxe5 Qxe5 30. Qxg6+ 1-0

[Event "CAN-ch"]
[Site "Toronto"]
[Date "2023.04.07"]
[Round "3"]
[White "Chen, Max"]
[Black "Joseph Benher, Savio"]
[Result "1-0"]
[WhiteElo "2118"]
[BlackElo "1902"]
[PlyCount "67"]
[EventDate "2023.04.06"]
[EventType "swiss"]
[EventRounds "9"]
[EventCountry "CAN"]
[SourceTitle "CBM 213 Extra"]
[Source "ChessBase"]
[SourceDate "2023.05.31"]
[SourceVersion "1"]
[SourceVersionDate "2023.05.31"]
[SourceQuality "1"]

1. b3 e5 2. Bb2 Nc6 3. e3 a6 4. Nf3 d6 5. Be2 g6 6. c4 Bg7 7. d4 e4 8. Nfd2 f5 9. Nc3 Nf6 10. 0-0 0-0 11. f3 exf3 12. Bxf3 Bd7 13. Re1 Ng4 14. Nf1 h5 15. Nd5 Kh7 16. e4 fxe4 17. Rxe4 Bf5 18. Re2 Qd7 19. Ng3 Nh6 20. Qd2 Rae8 21. Rae1 Rxe2 22. Rxe2 h4 23. Ne4 Bxe4 24. Rxe4 h3 25. Nf4 hxg2 26. Ne6 Rf5 27. Bxg2 Rh5 28. Ng5+ Kh8 29. Bf3 Rh3 30. Qg2 Rxf3 31. Qxf3 Kg8 32. Qe2 Nf7 33. Re8+ Bf8 34. Qe6 1-0

[Event "Toronto Excelsior op"]
[Site "Toronto"]
[Date "2023.03.11"]
[Round "2"]
[White "Nagy, Gabor"]
[Black "Chen, Max"]
[Result "1-0"]
[WhiteElo "2497"]
[BlackElo "2111"]
[PlyCount "63"]
[EventDate "2023.03.10"]
[EventType "swiss"]
[EventRounds "5"]
[EventCountry "CAN"]
[SourceTitle "CBM 213 Extra"]
[Source "ChessBase"]
[SourceDate "2023.05.31"]
[SourceVersion "1"]
[SourceVersionDate "2023.05.31"]
[SourceQuality "1"]

1. c4 Nf6 2. g3 g6 3. Bg2 Bg7 4. Nc3 c5 5. e3 0-0 6. Nge2 e6 7. Nf4 Nc6 8. 0-0 b6 9. d4 Bb7 10. Re1 Na5 11. Bxb7 Nxb7 12. b3 d5 13. cxd5 cxd4 14. exd4 Nxd5 15. Ncxd5 exd5 16. Ba3 Re8 17. Qf3 Nd6 18. Rxe8+ Nxe8 19. Nxd5 Nf6 20. Ne7+ Kh8 21. Re1 a5 22. Qc6 b5 23. Bd6 Ne8 24. Bc5 b4 25. d5 Bc3 26. Re3 Kg7 27. d6 Nf6 28. Bb6 Qb8 29. Bc7 Qa7 30. d7 Qd4 31. Qxa8 Qxd7 32. Qd8 1-0

[Event "World ol U16"]
[Site "Nakhchivan"]
[Date "2022.10.02"]
[Round "1.4"]
[White "Chen, Max"]
[Black "Samadov, Read"]
[Result "0-1"]
[WhiteElo "2104"]
[BlackElo "2455"]
[PlyCount "62"]
[EventDate "2022.10.02"]
[EventType "team-swiss"]
[EventRounds "9"]
[EventCountry "AZE"]
[SourceTitle "CBM 210 Extra"]
[Source "ChessBase"]
[SourceDate "2022.11.30"]
[SourceVersion "1"]
[SourceVersionDate "2022.11.30"]
[SourceQuality "1"]
[WhiteTeam "Canada"]
[BlackTeam "Azerbaijan"]
[WhiteTeamCountry "CAN"]
[BlackTeamCountry "AZE"]

1. e4 c5 2. Nf3 d6 3. Bb5+ Nd7 4. 0-0 a6 5. Bd3 Ngf6 6. c3 b5 7. Bc2 Bb7 8. Qe2 e6 9. d4 Be7 10. Bg5 h6 11. Bh4 Rc8 12. a4 Qb6 13. Na3 cxd4 14. Bxf6 Bxf6 15. cxd4 0-0 16. axb5 axb5 17. Bd3 Bxd4 18. Nxd4 Qxd4 19. Nxb5 Qb6 20. Nc3 Ra8 21. Qc2 Nc5 22. Bc4 Rfc8 23. Rxa8 Bxa8 24. Qe2 Qb4 25. f3 Nxe4 26. Nxe4 Rxc4 27. Nxd6 Qc5+ 28. Kh1 Rc1 29. Rd1 Bd5 30. Ne4 Qb5 31. Qd2 Qf1+ 0-1

[Event "Quebec op"]
[Site "Laval"]
[Date "2022.09.05"]
[Round "8"]
[White "Chen, Max"]
[Black "Han, Johnathan"]
[Result "1/2-1/2"]
[WhiteElo "2104"]
[BlackElo "2074"]
[PlyCount "59"]
[EventDate "2022.09.01"]
[EventType "swiss"]
[EventRounds "9"]
[EventCountry "CAN"]
[SourceTitle "CBM 210 Extra"]
[Source "ChessBase"]
[SourceDate "2022.11.30"]
[SourceVersion "1"]
[SourceVersionDate "2022.11.30"]
[SourceQuality "1"]

1. e4 c5 2. c3 d5 3. exd5 Qxd5 4. d4 Nf6 5. Nf3 e6 6. Bd3 Nc6 7. 0-0 cxd4 8. cxd4 Be7 9. Nc3 Qd6 10. Bg5 0-0 11. Qd2 b6 12. Bxf6 Bxf6 13. Ne4 Qd8 14. Nxf6+ Qxf6 15. Bxh7+ Kxh7 16. Qc2+ Kg8 17. Qxc6 Rb8 18. Ne5 Bb7 19. Qc3 Rfd8 20. Rfd1 Rbc8 21. Qd3 Qg5 22. Qg3 Qxg3 23. hxg3 f6 24. Ng4 Rc4 25. Ne3 Rcxd4 26. Rxd4 Rxd4 27. Rd1 Rxd1+ 28. Nxd1 Kf7 29. Kf1 e5 30. Ne3 1/2-1/2

[Event "Titled Tuesday intern op 19th Jul Early"]
[Site "Chess.com INT"]
[Date "2022.07.19"]
[Round "9"]
[White "Chen, Max"]
[Black "Boraso, Alessio"]
[Result "1-0"]
[WhiteElo "2097"]
[BlackElo "2294"]
[PlyCount "115"]
[EventDate "2022.07.19"]
[EventType "swiss (blitz)"]
[EventRounds "11"]
[EventCountry "USA"]
[SourceTitle "EXT 2023"]
[Source "ChessBase"]
[SourceDate "2022.10.05"]
[SourceVersion "1"]
[SourceVersionDate "2022.10.05"]
[SourceQuality "1"]

1. e4 Nf6 2. e5 Nd5 3. c4 Nb6 4. d4 d6 5. exd6 cxd6 6. Nc3 g6 7. Be3 Bg7 8. Rc1 0-0 9. Nf3 Bg4 10. Be2 Nc6 11. b3 e5 12. d5 Bxf3 13. Bxf3 Nd4 14. Bxd4 exd4 15. Ne2 Qf6 16. 0-0 Rfe8 17. Re1 a5 18. Qd3 Nd7 19. Qd2 Nc5 20. Ng3 Qh4 21. h3 Bh6 22. Qc2 d3 23. Qc3 Bxc1 24. Rxc1 Qf4 25. Rd1 Qe5 26. Qd2 Re7 27. Nf1 Rae8 28. Ne3 Qd4 29. Qxa5 f5 30. Qd2 f4 31. Nc2 Qb2 32. Nb4 Re1+ 33. Kh2 Qe5 34. Nxd3 Nxd3 35. Qxd3 Rxd1 36. Qxd1 Qe1 37. Qd4 Qe5 38. Qd3 Ra8 39. a4 Qb2 40. Bg4 Qxf2 41. Be6+ Kg7 42. Qc3+ Kh6 43. Bg4 Rf8 44. Kh1 Qf1+ 45. Kh2 Qf2 46. Qd3 Kg5 47. Bf3 Kh4 48. Qe4 Qg3+ 49. Kg1 Kg5 50. Qe7+ Rf6 51. Kf1 Qh2 52. Kf2 Qg3+ 53. Ke2 Qh2 54. c5 Qg3 55. cxd6 Qh4 56. d7 Kf5 57. d8Q Rf7 58. Qxh4 1-0

[Event "Titled Tuesday intern op 19th Jul Early"]
[Site "Chess.com INT"]
[Date "2022.07.19"]
[Round "2"]
[White "Chen, Max"]
[Black "Fudalej, Michal"]
[Result "1-0"]
[WhiteElo "2097"]
[BlackElo "2188"]
[PlyCount "77"]
[EventDate "2022.07.19"]
[EventType "swiss (blitz)"]
[EventRounds "11"]
[EventCountry "USA"]
[SourceTitle "EXT 2023"]
[Source "ChessBase"]
[SourceDate "2022.10.05"]
[SourceVersion "1"]
[SourceVersionDate "2022.10.05"]
[SourceQuality "1"]

1. e4 c6 2. c4 d5 3. cxd5 cxd5 4. exd5 Nf6 5. Qa4+ Nbd7 6. Nc3 a6 7. Nf3 g6 8. Bc4 Bg7 9. d3 0-0 10. Qa3 Nb6 11. Qb3 Bg4 12. Ne5 Rc8 13. Be3 Nbd7 14. Nxd7 Qxd7 15. 0-0 Rfd8 16. a4 Ne8 17. Rac1 Nd6 18. f3 Bf5 19. Ne4 h6 20. a5 g5 21. Rc2 Bg6 22. Rfc1 f5 23. Nc5 Qe8 24. Ne6 Rd7 25. Nxg7 Kxg7 26. Qc3+ Kh7 27. h4 f4 28. Bd2 Rdc7 29. hxg5 hxg5 30. Qe5 Nf7 31. Qd4 Qd7 32. Bc3 e5 33. dxe6 Qxd4+ 34. Bxd4 Nd6 35. Be5 Rxc4 36. dxc4 Bxc2 37. Rxc2 Rxc4 38. Rxc4 Nxc4 39. e7 1-0

[Event "Titled Tuesday intern op 19th Jul Early"]
[Site "Chess.com INT"]
[Date "2022.07.19"]
[Round "6"]
[White "Chen, Max"]
[Black "Guimaraes, Wagner Peixoto"]
[Result "1-0"]
[WhiteElo "2097"]
[BlackElo "2195"]
[PlyCount "79"]
[EventDate "2022.07.19"]
[EventType "swiss (blitz)"]
[EventRounds "11"]
[EventCountry "USA"]
[SourceTitle "EXT 2023"]
[Source "ChessBase"]
[SourceDate "2022.10.05"]
[SourceVersion "1"]
[SourceVersionDate "2022.10.05"]
[SourceQuality "1"]

1. e4 c5 2. c3 Nf6 3. e5 Nd5 4. d4 cxd4 5. Nf3 Nc6 6. cxd4 d6 7. Bc4 Nb6 8. Bb5 dxe5 9. Nxe5 Bd7 10. Nxd7 Qxd7 11. Nc3 e6 12. 0-0 a6 13. Bxc6 Qxc6 14. Qg4 h5 15. Qg3 Rd8 16. Rd1 h4 17. Qg4 h3 18. gxh3 Nd5 19. Nxd5 Rxd5 20. Bf4 g5 21. Be5 Rg8 22. Rac1 Qd7 23. Rc7 Qa4 24. Rdc1 Be7 25. Qf3 Qb5 26. Rc8+ Rd8 27. Bf6 Qd5 28. Qxd5 exd5 29. Rxd8+ Bxd8 30. Rc8 Kd7 31. Rxd8+ Rxd8 32. Bxd8 Kxd8 33. Kg2 Ke7 34. Kg3 Kf6 35. h4 gxh4+ 36. Kxh4 Kf5 37. Kg3 Ke4 38. h4 Kxd4 39. Kf4 Kc4 40. h5 1-0